000 00588nam a2200193Ia 4500
008 151121s9999||||xx |||||||||||||| ||und||
082 _a294।5/गोखले
082 _bHNW-34321
100 _aगोखले गो।सी।
245 _aप्रवचनें
260 _b"यशवंत प्रकाशन, पुणे।"
260 _c--
300 _a370
600 _aगोखले गो।सी।
630 _aप्रवचनें
700 _aगोखले गो।सी।
730 _aप्रवचनें
942 _cBOOK
999 _c1227319
_d1227316